|
|
|
|
| LEADER |
01828nam a2200409 a 4500 |
| 001 |
EBC1820942 |
| 003 |
MiAaPQ |
| 005 |
20200520144314.0 |
| 006 |
m o d | |
| 007 |
cr cn||||||||| |
| 008 |
110822s2012 akuab sb 001 0 eng d |
| 010 |
|
|
|z 2011033205
|
| 020 |
|
|
|z 9781602231696 (pbk. alk. paper)
|
| 020 |
|
|
|a 9781602231702 (electronic bk.)
|
| 035 |
|
|
|a (MiAaPQ)EBC1820942
|
| 035 |
|
|
|a (Au-PeEL)EBL1820942
|
| 035 |
|
|
|a (CaPaEBR)ebr10556524
|
| 035 |
|
|
|a (OCoLC)793418637
|
| 040 |
|
|
|a MiAaPQ
|c MiAaPQ
|d MiAaPQ
|
| 043 |
|
|
|a n-us-ak
|
| 050 |
|
4 |
|a HE595.P4
|b C64 2012
|
| 082 |
0 |
4 |
|a 387.2/45
|2 23
|
| 100 |
1 |
|
|a Coen, Ross Allen.
|
| 245 |
1 |
0 |
|a Breaking ice for Arctic oil
|h [electronic resource] :
|b the epic voyage of the SS Manhattan through the Northwest Passage /
|c Ross Coen.
|
| 260 |
|
|
|a Fairbanks :
|b University of Alaska Press,
|c 2012.
|
| 300 |
|
|
|a xiii, 215 p. :
|b ill. (some col.), maps (some col.)
|
| 504 |
|
|
|a Includes bibliographical references (p. 195-204) and index.
|
| 505 |
0 |
|
|a Strike at Prudhoe Bay State no. 1 -- No cream puff -- Submarines, blimps, trains, and ships -- "Bienvenu dans ces eaux. Welcome to Canadian waters" -- A floating laboratory -- In the passage -- Through the passage -- What did the Manhattan prove? -- Roundtrip -- Epilogue.
|
| 533 |
|
|
|a Electronic reproduction. Ann Arbor, MI : ProQuest, 2015. Available via World Wide Web. Access may be limited to ProQuest affiliated libraries.
|
| 610 |
2 |
0 |
|a Manhattan (Tanker)
|x History.
|
| 650 |
|
0 |
|a Petroleum
|x Transportation
|z Alaska.
|
| 650 |
|
0 |
|a Tankers
|z United States
|x History.
|
| 650 |
|
0 |
|a Oil fields
|z Alaska.
|
| 651 |
|
0 |
|a Northwest Passage.
|
| 655 |
|
4 |
|a Electronic books.
|
| 710 |
2 |
|
|a ProQuest (Firm)
|
| 856 |
4 |
0 |
|u https://ebookcentral.proquest.com/lib/matrademy/detail.action?docID=1820942
|z Click to View
|